Most Endangered Animals in the World (Extremely Difficult!) - Statistics

General Stats
  • This quiz has been taken 194 times
  • The average score is 25 of 51
Answer Stats
Population Animal % Correct
More than 2500 Bengal Tiger
84%
400 - 500 Sumatran Tiger
83%
As many as 540 Amur Tiger
81%
Around 350 Indochinese Tiger
81%
250 - 340 Malayan Tiger
80%
Around 3890 Tiger
80%
19,600 – 21,000 White Rhino
77%
Fewer than 50,000 Asian Elephant
75%
Around 415,000 African Elephant
74%
20,000 - 25,000 Indian Elephant
73%
60 Javan Rhinoceros
73%
2400 - 2800 Sumatran Elephant
73%
Fewer than 100 Sumatran Rhinoceros
73%
Approximately 1500 Borneo Pygmy Elephant
72%
2500 - 4000 Sri Lankan Elephant
72%
5000 - 5400 Black Rhinoceros
66%
3500+ individuals Greater One-Horned Rhinoceros
65%
Estimated 4,080 - 6,590 Snow Leopard
62%
40 Amur Leopard
61%
10,000 - 25,000 Blue Whale
61%
50,000 - 90,000 Fin Whale
58%
Approximately 10,000 Bowhead Whale
57%
300 - 350 North Atlantic Right Whale
57%
600,000 Common Bottlenose Dolphin
56%
1200 - 1800 Ganges River Dolphin
56%
Estimated 150 individuals Gray Whale
56%
Estimated at 7000 Hector's Dolphin
56%
1816 Indus River Dolphin
56%
10,000 - 90,000 Whale
56%
880 Mountain Gorilla
54%
200 - 300 Cross River Gorilla
53%
1864 Giant Panda
53%
100,000 - 200,000 Gorilla
53%
Over 200,000 Brown Bear
49%
800 Tapanuli Orangutan
41%
172,700 - 299,700 Chimpanzee
33%
22,000 - 31,000 Polar Bear
28%
Several Hundred Thousand Arctic Fox
27%
30 Vaquita
26%
Fewer than 2000 Galápagos Penguin
24%
10,000 - 50,000 Bonobo
21%
Less than 10,000 Red Panda
19%
1000 - 1800 Yangtze Finless Porpoise
19%
20,504 Plains Bison
16%
6600 African Wild Dog
13%
Approximately 370 Black-footed Ferret
13%
Over 150,000 Beluga
9%
More than 80,000 Narwhal
9%
2 Northern Right Whale
5%
100,000 - 500,000 Greater Sage-Grouse
1%
15,000 - 20,000 Mountain Plover
1%
No matching quizzes found
Score Distribution
Percent of People with Each Score
Percentile by Number Answered
Your Score History
You have not taken this quiz